Family romance, family secrets (Record no. 249687)
[ view plain ]
| 000 -LEADER | |
|---|---|
| fixed length control field | 01460nam a22003374a 4500 |
| 082 04 - DEWEY DECIMAL CLASSIFICATION NUMBER | |
| Classification number | 616.89/17 |
| 100 1# - MAIN ENTRY--AUTHOR NAME | |
| Personal name | Lunbeck, Elizabeth. |
| 245 10 - TITLE STATEMENT | |
| Title | Family romance, family secrets |
| 260 ## - PUBLICATION, DISTRIBUTION, ETC. (IMPRINT) | |
| Place of publication | New Haven : |
| Name of publisher | Yale University Press, |
| Year of publication | c2003. |
| 300 ## - PHYSICAL DESCRIPTION | |
| Number of Pages | xii, 333 p. : |
| Other physical details | ill. |
| 500 ## - GENERAL NOTE | |
| General note | "Published with the assistance of the Louis Stern Memorial Fund." |
| 650 #0 - SUBJECT ADDED ENTRY--TOPICAL TERM | |
| Topical Term | Psychoanalysis |
| Topical Term | Psychoanalysis |
| 700 1# - ADDED ENTRY--PERSONAL NAME | |
| Personal name | Simon, Bennett, |
| 856 40 - ELECTRONIC LOCATION AND ACCESS | |
| Uniform Resource Identifier | http://site.ebrary.com/lib/rucke/Doc?id=10170790 |
No items available.
